Islands in the Mediterranean - Statistics

General Stats
  • This quiz has been taken 64 times
    48 since last reset
  • The average score is 17 of 118
Answer Stats
Answer % Correct
Sicily
89%
Sardinia
83%
Corsica
77%
Malta
77%
cyprus
74%
Crete
71%
Mallorca
63%
Ibiza
60%
Lesbos
57%
Rhodes
57%
Menorca
54%
Corfu
46%
Santorini
43%
Elba
37%
Kefalonia
37%
Krk
37%
Naxos
37%
Euboea
34%
Gozo
26%
Paros
26%
Zakynthos
26%
Chios
23%
Djerba
23%
Kos
23%
Samos
23%
Brac
20%
Cres
20%
Formentera
20%
Hvar
20%
Ischia
20%
Karpathos
20%
Korcula
17%
Lefkada
17%
Lemnos
17%
Stromboli
17%
Andros
14%
Lampedusa
14%
Lipari
14%
thassos
14%
Tinos
14%
Comino
11%
Ios
11%
ithaca
11%
Kea
11%
Pantelleria
11%
Vulcano
11%
Cabrera
9%
Kasos
9%
Kithira
9%
Linosa
9%
milos
9%
Rab
9%
Salina
9%
skyros
9%
Alicudi
6%
Amorgos
6%
Capraia
6%
Filicudi
6%
Kythnos
6%
Mljet
6%
Montecristo
6%
Panarea
6%
Samothrace
6%
Vis
6%
astypalaia
3%
Bisevo
3%
Egina
3%
Favignana
3%
icaria
3%
Kalymnos
3%
Kaprije
3%
Kornat
3%
Marmara
3%
Pianosa
3%
Prvic
3%
Sharqi
3%
Toscano
3%
Ustica
3%
Zirje
3%
Zlarin
3%
Agistri
0%
Arkoudi
0%
Armathia
0%
Basiluzzo
0%
Brusnik
0%
Galiton
0%
Giudecca
0%
Goli
0%
Gremdi
0%
Heybeliada
0%
Imrali
0%
Isola Grande
0%
Ithaki
0%
Kakan
0%
Kalamos
0%
Kastos
0%
Koyun
0%
La Fauchelle
0%
Levanzo
0%
Makronisi
0%
Marettimo
0%
Meganisi
0%
milazzo
0%
Mozia
0%
Nisida Kyra
0%
Pasalimani
0%
Pori
0%
Roumadia
0%
Salamina
0%
Santa Maria
0%
Saria
0%
Scoglio del medico
0%
Skariana
0%
Svetac
0%
Tijat
0%
Zembra
0%
Zembretta
0%
Zmajan
0%
No matching quizzes found
Score Distribution
Percent of People with Each Score
Percentile by Number Answered
Your Score History
You have not taken this quiz since the last reset